000 00416nam a2200193Ia 4500
001 12072
003 GE_BSU
008 181216s||||||||xx |||||||||||||| ||und||
040 _cGE_BSU
080 _a821.111-32
100 _aCookson,Catherine.
245 4 _aThe round tower
260 _aNew York
260 _bCorgi Books.
260 _c1968.
300 _a320p;18cm.
653 _aThe round tower
942 _cBK
999 _c45249
_d45249